[Event "Titled Tuesday intern op 16th Jul Early"]
[Site "Chess.com INT"]
[Date "2024.07.16"]
[Round "3"]
[White "Dmitrenko, Viktor"]
[Black "Premanath, Dinushki"]
[Result "1-0"]
[WhiteElo "2395"]
[BlackElo "1897"]
[PlyCount "65"]
[EventDate "2024.07.16"]
[EventType "swiss (blitz)"]
[EventRounds "11"]
[EventCountry "USA"]
[SourceTitle "EXT 2025"]
[Source "ChessBase"]
[SourceDate "2024.10.14"]
[SourceVersion "1"]
[SourceVersionDate "2024.10.14"]
[SourceQuality "1"]

1. e4 e6 2. d4 d5 3. e5 c5 4. c3 Nc6 5. Nf3 Bd7 6. Be2 Na5 7. 0-0 a6 8. dxc5 Bb5 9. b4 Bxe2 10. Qxe2 Nc4 11. Nbd2 b5 12. a4 Ne7 13. Nd4 Ng6 14. axb5 axb5 15. Rxa8 Qxa8 16. Nxb5 Qb8 17. Nd6+ Bxd6 18. exd6 Nce5 19. f4 Nc6 20. f5 Nge5 21. b5 0-0 22. bxc6 Nxc6 23. fxe6 fxe6 24. Rxf8+ Qxf8 25. Nf3 Kh8 26. Qxe6 Qb8 27. h3 h6 28. Bf4 Qb1+ 29. Kh2 Qe4 30. Qxe4 dxe4 31. Nd4 Nd8 32. c6 g5 33. c7 1-0

[Event "Titled Tuesday intern op 16th Jul Early"]
[Site "Chess.com INT"]
[Date "2024.07.16"]
[Round "10"]
[White "Napoli, Nicolo"]
[Black "Premanath, Dinushki"]
[Result "1-0"]
[WhiteElo "2228"]
[BlackElo "1897"]
[PlyCount "39"]
[EventDate "2024.07.16"]
[EventType "swiss (blitz)"]
[EventRounds "11"]
[EventCountry "USA"]
[SourceTitle "EXT 2025"]
[Source "ChessBase"]
[SourceDate "2024.10.14"]
[SourceVersion "1"]
[SourceVersionDate "2024.10.14"]
[SourceQuality "1"]

1. d4 e6 2. Nf3 d5 3. g3 f5 4. Bg2 Nf6 5. 0-0 Bd6 6. b3 0-0 7. Ba3 Qe7 8. Qc1 Bd7 9. c4 Bc6 10. c5 Bb5 11. cxd6 cxd6 12. Nc3 Ba6 13. Qf4 Nbd7 14. Bxd6 Qf7 15. Bxf8 Rxf8 16. Ne5 Nxe5 17. dxe5 Ng4 18. h3 Nh6 19. Rfd1 Rc8 20. Nxd5 1-0

[Event "Titled Tuesday intern op 16th Jul Early"]
[Site "Chess.com INT"]
[Date "2024.07.16"]
[Round "7"]
[White "Pavlov, Nikolay1"]
[Black "Premanath, Dinushki"]
[Result "1-0"]
[WhiteElo "2316"]
[BlackElo "1897"]
[PlyCount "51"]
[EventDate "2024.07.16"]
[EventType "swiss (blitz)"]
[EventRounds "11"]
[EventCountry "USA"]
[SourceTitle "EXT 2025"]
[Source "ChessBase"]
[SourceDate "2024.10.14"]
[SourceVersion "1"]
[SourceVersionDate "2024.10.14"]
[SourceQuality "1"]

1. Nf3 e6 2. g3 d5 3. Bg2 f5 4. 0-0 Nf6 5. c4 c6 6. d4 Bd6 7. Nc3 0-0 8. Qc2 Ne4 9. Rb1 Nd7 10. b4 b6 11. c5 Bc7 12. b5 cxb5 13. c6 Ndf6 14. Nxb5 a6 15. Nxc7 Qxc7 16. Bf4 Qa7 17. a4 a5 18. Qb2 Ba6 19. Qxb6 Bxe2 20. Rfc1 Rfc8 21. c7 Bc4 22. Qxe6+ Kh8 23. Ne5 Qxd4 24. Nf7+ Kg8 25. Nh6+ Kh8 26. Qg8+ 1-0

[Event "Titled Tuesday intern op 16th Jul Early"]
[Site "Chess.com INT"]
[Date "2024.07.16"]
[Round "8"]
[White "Premanath, Dinushki"]
[Black "Moncada Correa, Sara"]
[Result "0-1"]
[WhiteElo "1897"]
[BlackElo "2018"]
[PlyCount "86"]
[EventDate "2024.07.16"]
[EventType "swiss (blitz)"]
[EventRounds "11"]
[EventCountry "USA"]
[SourceTitle "EXT 2025"]
[Source "ChessBase"]
[SourceDate "2024.10.14"]
[SourceVersion "1"]
[SourceVersionDate "2024.10.14"]
[SourceQuality "1"]

1. d4 d5 2. Nf3 Nf6 3. Bf4 c5 4. c3 Nc6 5. Nbd2 g6 6. e3 Bg7 7. Bd3 0-0 8. h3 Nd7 9. 0-0 e5 10. dxe5 Ndxe5 11. Nxe5 Nxe5 12. Bxe5 Bxe5 13. Nf3 Bg7 14. Bc2 Be6 15. e4 d4 16. cxd4 cxd4 17. Bd3 h6 18. b3 Rc8 19. Rc1 Qa5 20. Qd2 Qa3 21. Rfd1 Rfd8 22. Ne1 a6 23. Nf3 b5 24. Ne1 Qd6 25. Nf3 Qb6 26. Rxc8 Rxc8 27. Rc1 Rd8 28. Qc2 Rc8 29. Qd2 Rc3 30. Rxc3 dxc3 31. Qc2 Qc5 32. Kf1 a5 33. Qe2 a4 34. bxa4 bxa4 35. Qc2 Qa3 36. Ke2 Bxa2 37. e5 Qb2 38. Ke3 a3 39. Kf4 Bb3 40. Qxb2 cxb2 41. Nd2 a2 42. Nxb3 b1Q 43. Bxb1 axb1Q 0-1

[Event "Titled Tuesday intern op 16th Jul Early"]
[Site "Chess.com INT"]
[Date "2024.07.16"]
[Round "9"]
[White "Zepeda Berlanga, Jan Enrique"]
[Black "Premanath, Dinushki"]
[Result "0-1"]
[WhiteElo "1939"]
[BlackElo "1897"]
[PlyCount "60"]
[EventDate "2024.07.16"]
[EventType "swiss (blitz)"]
[EventRounds "11"]
[EventCountry "USA"]
[SourceTitle "EXT 2025"]
[Source "ChessBase"]
[SourceDate "2024.10.14"]
[SourceVersion "1"]
[SourceVersionDate "2024.10.14"]
[SourceQuality "1"]

1. e4 e6 2. d4 d5 3. e5 c5 4. c3 Bd7 5. Nf3 Bc6 6. Bd3 Qd7 7. h4 Bb5 8. h5 Bxd3 9. Qxd3 Nc6 10. h6 Rc8 11. hxg7 Bxg7 12. Rxh7 Rxh7 13. Qxh7 Kf8 14. Bg5 cxd4 15. cxd4 Qc7 16. Nc3 Nxd4 17. Nxd4 Qxe5+ 18. Be3 Nf6 19. Qd3 a6 20. Rc1 b5 21. a3 Rc4 22. Nce2 Rxc1+ 23. Nxc1 Ng4 24. Nce2 Qh2 25. Qc3 Kg8 26. Kd2 Qxg2 27. Qc8+ Kh7 28. Nf4 Qe4 29. f3 Qxe3+ 30. Kd1 Qxd4+ 0-1

[Event "Titled Tuesday intern op 04th Jun Early"]
[Site "Chess.com INT"]
[Date "2024.06.04"]
[Round "7"]
[White "Paragua, Megan Althea"]
[Black "Premanath, Dinushki"]
[Result "0-1"]
[WhiteElo "2041"]
[BlackElo "1882"]
[PlyCount "92"]
[EventDate "2024.06.04"]
[EventType "swiss (blitz)"]
[EventRounds "11"]
[EventCountry "USA"]
[SourceTitle "EXT 2025"]
[Source "ChessBase"]
[SourceDate "2024.10.14"]
[SourceVersion "1"]
[SourceVersionDate "2024.10.14"]
[SourceQuality "1"]

1. d4 e6 2. c4 d5 3. Nd2 f5 4. Ngf3 Nf6 5. e3 c6 6. Be2 Bd6 7. 0-0 0-0 8. b3 Ne4 9. Bb2 Bd7 10. Ne5 Be8 11. f4 Nd7 12. Ndf3 Bh5 13. Qc2 Bxf3 14. Bxf3 Bxe5 15. dxe5 Qe7 16. Rad1 Rfd8 17. a3 Nb6 18. Bxe4 dxe4 19. b4 Rxd1 20. Rxd1 Rd8 21. Bd4 Nc8 22. Rd2 b6 23. Qa4 c5 24. bxc5 bxc5 25. Bxc5 Qc7 26. Rxd8+ Qxd8 27. Bd4 h6 28. Qa6 Qd7 29. c5 Ne7 30. Qd6 Qxd6 31. cxd6 Nc6 32. Bc5 a6 33. Kf2 Nb8 34. Ke2 Kf7 35. Kd2 Ke8 36. Kc3 Kd7 37. Kc4 Kc6 38. Bb4 g5 39. g3 Nd7 40. a4 Nb6+ 41. Kb3 Nd5 42. Bd2 g4 43. Kc4 h5 44. Bc1 Nb6+ 45. Kb4 Nd7 46. Ka5 Nc5 0-1

[Event "Titled Tuesday intern op 04th Jun Early"]
[Site "Chess.com INT"]
[Date "2024.06.04"]
[Round "10"]
[White "Premanath, Dinushki"]
[Black "Aalto, Patrik"]
[Result "1-0"]
[WhiteElo "1882"]
[BlackElo "2286"]
[PlyCount "81"]
[EventDate "2024.06.04"]
[EventType "swiss (blitz)"]
[EventRounds "11"]
[EventCountry "USA"]
[SourceTitle "EXT 2025"]
[Source "ChessBase"]
[SourceDate "2024.10.14"]
[SourceVersion "1"]
[SourceVersionDate "2024.10.14"]
[SourceQuality "1"]

1. d4 Nf6 2. Nf3 e6 3. Bf4 d5 4. Nbd2 Bd6 5. Bg3 c5 6. e3 Nc6 7. c3 0-0 8. Bd3 cxd4 9. exd4 Qc7 10. 0-0 Bxg3 11. hxg3 e5 12. dxe5 Nxe5 13. Nxe5 Qxe5 14. Re1 Qd6 15. Nc4 Qc7 16. Ne3 Be6 17. g4 Rad8 18. g5 Ne4 19. Qh5 Qf4 20. Bxe4 dxe4 21. g3 Qe5 22. Rad1 f6 23. Rxd8 Rxd8 24. Qe2 Qxg5 25. Ng2 f5 26. Nf4 Bf7 27. Qb5 Qf6 28. Qxb7 g5 29. Ne2 Bd5 30. Qxa7 f4 31. Qc7 e3 32. fxe3 f3 33. Nf4 gxf4 34. exf4 Bf7 35. Re5 Rd1+ 36. Kf2 Rd2+ 37. Kxf3 Bd5+ 38. Ke3 Rxb2 39. Re8+ Qf8 40. Rxf8+ Kxf8 41. Qd6+ 1-0

[Event "Titled Tuesday intern op 04th Jun Early"]
[Site "Chess.com INT"]
[Date "2024.06.04"]
[Round "11"]
[White "Premanath, Dinushki"]
[Black "Hajiyev, Kanan"]
[Result "1-0"]
[WhiteElo "1882"]
[BlackElo "2109"]
[PlyCount "107"]
[EventDate "2024.06.04"]
[EventType "swiss (blitz)"]
[EventRounds "11"]
[EventCountry "USA"]
[SourceTitle "EXT 2025"]
[Source "ChessBase"]
[SourceDate "2024.10.14"]
[SourceVersion "1"]
[SourceVersionDate "2024.10.14"]
[SourceQuality "1"]

1. d4 d5 2. Nf3 c5 3. c3 cxd4 4. cxd4 Nc6 5. Nc3 Nf6 6. Bf4 a6 7. e3 Bg4 8. Be2 e6 9. 0-0 Bd6 10. Bg3 0-0 11. a3 Bxg3 12. hxg3 b5 13. Rc1 Rc8 14. b4 Bxf3 15. Bxf3 Nd7 16. Qd2 Nb6 17. Be2 Qf6 18. Rfd1 Rfd8 19. Rc2 g6 20. Rdc1 Nc4 21. Bxc4 bxc4 22. Na4 h5 23. Nc5 Ra8 24. Rb1 Qe7 25. Ra2 Rdb8 26. Qc3 a5 27. b5 Nd8 28. a4 Nb7 29. Na6 Rc8 30. Qa3 Qxa3 31. Rxa3 Kf8 32. Kf1 Ke7 33. Ke2 Kd6 34. Kd2 f6 35. f4 e5 36. fxe5+ fxe5 37. Rf1 Rf8 38. Raa1 Rac8 39. Kc3 Ke7 40. Rxf8 Rxf8 41. Nc5 Nd6 42. dxe5 Nf5 43. e4 dxe4 44. Nxe4 Rc8 45. b6 Ke6 46. b7 Rb8 47. Rb1 Kxe5 48. Nc5 Kd6 49. Na6 Re8 50. b8Q+ Rxb8 51. Rxb8 Nxg3 52. Rb6+ Kd5 53. Rxg6 Ne2+ 54. Kd2 1-0

[Event "Titled Tuesday intern op 04th Jun Early"]
[Site "Chess.com INT"]
[Date "2024.06.04"]
[Round "2"]
[White "Premanath, Dinushki"]
[Black "Venkatesan, Kavin"]
[Result "0-1"]
[WhiteElo "1882"]
[BlackElo "2186"]
[PlyCount "132"]
[EventDate "2024.06.04"]
[EventType "swiss (blitz)"]
[EventRounds "11"]
[EventCountry "USA"]
[SourceTitle "EXT 2025"]
[Source "ChessBase"]
[SourceDate "2024.10.14"]
[SourceVersion "1"]
[SourceVersionDate "2024.10.14"]
[SourceQuality "1"]

1. d4 Nf6 2. Nf3 b6 3. Bf4 Bb7 4. Nbd2 c5 5. c3 Nc6 6. e3 g6 7. Bd3 Bg7 8. 0-0 d6 9. e4 e5 10. Be3 Ng4 11. d5 Nxe3 12. fxe3 Ne7 13. Bb5+ Kf8 14. Ng5 Nf5 15. Qg4 h5 16. Ne6+ fxe6 17. Qxg6 Rh6 18. Qg3 Rf6 19. exf5 exf5 20. e4 f4 21. Qg5 Rh6 22. Qf5+ Qf6 23. Qd7 Qe7 24. g3 Qxd7 25. Bxd7 Ke7 26. Be6 Rf6 27. gxf4 Rxf4 28. Rxf4 exf4 29. Rf1 Be5 30. Kf2 Bc8 31. Bxc8 Rxc8 32. Rg1 Kf7 33. Nf3 Bf6 34. h3 b5 35. Ng5+ Ke7 36. Ne6 b4 37. c4 Bxb2 38. Kf3 Be5 39. Rg5 a5 40. Rxh5 a4 41. Rh7+ Kf6 42. Ra7 a3 43. h4 Rg8 44. h5 Rg3+ 45. Kf2 Rh3 46. Rh7 b3 47. axb3 a2 48. Rh6+ Kf7 49. Rh7+ Kg8 50. Ra7 a1Q 51. Rxa1 Bxa1 52. Nxf4 Bd4+ 53. Ke2 Rxb3 54. Nd3 Rc3 55. Kd2 Ra3 56. Ke2 Ra2+ 57. Kf3 Rd2 58. Nf4 Rf2+ 59. Kg4 Kh7 60. Ne6 Kh6 61. Nd8 Rf1 62. Ne6 Rg1+ 63. Kf5 Kxh5 64. Nd8 Rf1+ 65. Ke6 Be5 66. Nf7 Re1 0-1

[Event "Titled Tuesday intern op 28th May Early"]
[Site "Chess.com INT"]
[Date "2024.05.28"]
[Round "5"]
[White "Premanath, Dinushki"]
[Black "Barria Zuniga, Daniel"]
[Result "0-1"]
[WhiteElo "1876"]
[BlackElo "2341"]
[PlyCount "94"]
[EventDate "2024.05.28"]
[EventType "swiss (blitz)"]
[EventRounds "11"]
[EventCountry "USA"]
[SourceTitle "EXT 2025"]
[Source "ChessBase"]
[SourceDate "2024.10.14"]
[SourceVersion "1"]
[SourceVersionDate "2024.10.14"]
[SourceQuality "1"]

1. d4 c5 2. Nf3 cxd4 3. Nxd4 Nc6 4. c4 g6 5. Nc3 Bg7 6. Nxc6 bxc6 7. e4 d6 8. h3 Nf6 9. Bd3 0-0 10. 0-0 a5 11. Bd2 Nd7 12. Rb1 Nc5 13. Bc2 Ba6 14. b3 Ne6 15. Ne2 c5 16. Bc3 Bxc3 17. Nxc3 Nd4 18. Ne2 e5 19. Nxd4 cxd4 20. Bd3 Qg5 21. Qe2 Bb7 22. Rfc1 Bc8 23. Kh2 Be6 24. c5 dxc5 25. Rxc5 Rfc8 26. Rbc1 Qxc1 27. Rxc1 Rxc1 28. Bc4 Bxc4 29. bxc4 Rc8 30. Qd2 R1xc4 31. Qxa5 d3 32. Qxe5 Rd8 33. Qf6 Rcc8 34. e5 Re8 35. Qg5 Rcd8 36. e6 fxe6 37. Qd2 e5 38. f3 e4 39. fxe4 Rxe4 40. Kg3 Re2 41. Qd1 d2 42. Kf3 Re1 43. Qb3+ Kg7 44. Qb2+ Kh6 45. Kg3 d1Q 46. Qf6 Qd6+ 47. Qxd6 Rxd6 0-1

[Event "Titled Tuesday intern op 28th May Early"]
[Site "Chess.com INT"]
[Date "2024.05.28"]
[Round "2"]
[White "Premanath, Dinushki"]
[Black "Dias, Paulo Jorge Guimara"]
[Result "0-1"]
[WhiteElo "1876"]
[BlackElo "2308"]
[PlyCount "76"]
[EventDate "2024.05.28"]
[EventType "swiss (blitz)"]
[EventRounds "11"]
[EventCountry "USA"]
[SourceTitle "EXT 2025"]
[Source "ChessBase"]
[SourceDate "2024.10.14"]
[SourceVersion "1"]
[SourceVersionDate "2024.10.14"]
[SourceQuality "1"]

1. d4 Nf6 2. Nf3 g6 3. Bf4 Bg7 4. Nbd2 d5 5. e3 c6 6. Bd3 0-0 7. Ne5 Nfd7 8. Qe2 Nxe5 9. dxe5 Nd7 10. Nf3 Nc5 11. 0-0-0 a5 12. h4 Bg4 13. h5 a4 14. hxg6 fxg6 15. Rxh7 Bxf3 16. Rxg7+ Kxg7 17. gxf3 Qd7 18. Rg1 Nxd3+ 19. Qxd3 Qf5 20. Qd4 Qe6 21. Qb4 b5 22. Rg3 Rf5 23. a3 Rh8 24. Rg1 Kf7 25. Qa5 Rh3 26. Qd8 Kg7 27. Qe8 Rf8 28. Rxg6+ Qxg6 29. Qxe7+ Rf7 30. Qd8 Rxf3 31. e6 Qxe6 32. Qg5+ Qg6 33. Be5+ R7f6 34. Qh4 Qg1+ 35. Kd2 Qxf2+ 36. Qxf2 Rxf2+ 37. Kd3 Kf7 38. Bxf6 Kxf6 0-1

[Event "Titled Tuesday intern op 28th May Early"]
[Site "Chess.com INT"]
[Date "2024.05.28"]
[Round "4"]
[White "Sanhueza, Cristian"]
[Black "Premanath, Dinushki"]
[Result "1-0"]
[WhiteElo "2213"]
[BlackElo "1876"]
[PlyCount "109"]
[EventDate "2024.05.28"]
[EventType "swiss (blitz)"]
[EventRounds "11"]
[EventCountry "USA"]
[SourceTitle "EXT 2025"]
[Source "ChessBase"]
[SourceDate "2024.10.14"]
[SourceVersion "1"]
[SourceVersionDate "2024.10.14"]
[SourceQuality "1"]

1. e4 e6 2. d4 d5 3. Nc3 Nf6 4. Bg5 Be7 5. e5 Nfd7 6. Bxe7 Qxe7 7. f4 a6 8. Nf3 c5 9. Qd2 Nc6 10. dxc5 Nxc5 11. 0-0-0 b5 12. Bd3 b4 13. Ne2 a5 14. Kb1 a4 15. Ned4 Nxd4 16. Nxd4 b3 17. cxb3 axb3 18. a3 0-0 19. Rc1 Nxd3 20. Qxd3 Ba6 21. Qc3 Rfc8 22. Qxb3 Bc4 23. Qe3 Qb7 24. b4 Ra4 25. Rc3 Rca8 26. Kb2 Rxb4+ 27. axb4 Ra2+ 28. Kc1 Ra1+ 29. Kd2 Rxh1 30. Nc2 Rxh2 31. Qg1 Rh4 32. g3 Rh6 33. Qg2 g6 34. Rxc4 Kg7 35. Rd4 Qa6 36. Qe2 Qa2 37. b5 Rh1 38. b6 Qb2 39. Rb4 Qc1+ 40. Kc3 Rd1 41. Qxd1 Qxd1 42. b7 Qf3+ 43. Kb2 d4 44. b8Q Qc3+ 45. Kb1 d3 46. Rb2 d2 47. Qd6 Qc5 48. Qxc5 d1Q+ 49. Ka2 Qa1+ 50. Kxa1 g5 51. Qe7 h6 52. Qf6+ Kh7 53. Nd4 Kg8 54. Rb7 Kf8 55. Qxf7# 1-0

[Event "Titled Tuesday intern op 21st May Early"]
[Site "Chess.com INT"]
[Date "2024.05.21"]
[Round "3"]
[White "Premanath, Dinushki"]
[Black "Andersson, Bjorn"]
[Result "1-0"]
[WhiteElo "1876"]
[BlackElo "2281"]
[PlyCount "103"]
[EventDate "2024.05.21"]
[EventType "swiss (blitz)"]
[EventRounds "11"]
[EventCountry "USA"]
[SourceTitle "CBM 220 Extra"]
[Source "ChessBase"]
[SourceDate "2024.07.31"]
[SourceVersion "1"]
[SourceVersionDate "2024.07.31"]
[SourceQuality "1"]

1. d4 Nf6 2. Nf3 d5 3. Ne5 e6 4. e3 c5 5. c3 Bd6 6. f4 0-0 7. Bd3 Nc6 8. 0-0 Ne4 9. Nd2 f5 10. Qh5 Bxe5 11. dxe5 Qe8 12. Qxe8 Rxe8 13. Bxe4 dxe4 14. Nc4 b6 15. Nd6 Rd8 16. Bd2 Ba6 17. c4 Rxd6 18. exd6 Bxc4 19. Rfc1 Bd3 20. Bc3 Rd8 21. Be5 Nb4 22. a3 Nc2 23. Rxc2 Bxc2 24. Kf2 Kf7 25. Ke2 Ke8 26. Kd2 Bd3 27. b4 c4 28. Kc3 Kd7 29. a4 Rg8 30. b5 g5 31. g3 gxf4 32. Bxf4 Re8 33. Kd4 e5+ 34. Bxe5 c3 35. Bf4 Rc8 36. Rc1 c2 37. Ke5 Rc5+ 38. Kf6 Rc4 39. Kxf5 Rb4 40. g4 Rb1 41. Rxc2 Bxc2 42. h4 Bxa4 43. g5 Bxb5 44. h5 Bc4 45. Kf6 Rg1 46. Kg7 Be2 47. h6 Bh5 48. Kxh7 a5 49. Kg7 a4 50. h7 Bg6 51. h8Q Rh1 52. Qxh1 1-0

[Event "Titled Tuesday intern op 21st May Early"]
[Site "Chess.com INT"]
[Date "2024.05.21"]
[Round "10"]
[White "Premanath, Dinushki"]
[Black "Golubovic, Erik"]
[Result "1/2-1/2"]
[WhiteElo "1876"]
[BlackElo "2056"]
[PlyCount "83"]
[EventDate "2024.05.21"]
[EventType "swiss (blitz)"]
[EventRounds "11"]
[EventCountry "USA"]
[SourceTitle "CBM 220 Extra"]
[Source "ChessBase"]
[SourceDate "2024.07.31"]
[SourceVersion "1"]
[SourceVersionDate "2024.07.31"]
[SourceQuality "1"]

1. d4 Nf6 2. Nf3 d5 3. Ne5 g6 4. e3 Bg7 5. f4 0-0 6. Bd3 c5 7. 0-0 b6 8. c3 Ba6 9. Bd2 Bxd3 10. Nxd3 Nbd7 11. Be1 Ne4 12. Nd2 e6 13. Nxe4 dxe4 14. Ne5 Qc7 15. Bh4 f5 16. Qb3 Nxe5 17. fxe5 Qc6 18. Rad1 c4 19. Qc2 Rf7 20. b3 Rd7 21. bxc4 Qxc4 22. Qb3 Rc8 23. Rc1 Rdc7 24. Be1 b5 25. Qxc4 Rxc4 26. Rf2 Bh6 27. Re2 b4 28. Kf2 bxc3 29. Rec2 f4 30. Rxc3 fxe3+ 31. Ke2 Rxc3 32. Rxc3 Rb8 33. Rb3 Rc8 34. Rc3 Rd8 35. Rc4 Rb8 36. Rb4 Rc8 37. Rb2 Rc4 38. Rb8+ Kf7 39. Rb7+ Kg8 40. Rb8+ Kf7 41. Rb7+ Kg8 42. Rb8+ 1/2-1/2

[Event "Titled Tuesday intern op 14th May Early"]
[Site "Chess.com INT"]
[Date "2024.05.14"]
[Round "9"]
[White "Michelle, Catherina P"]
[Black "Premanath, Dinushki"]
[Result "0-1"]
[WhiteElo "2164"]
[BlackElo "1876"]
[PlyCount "72"]
[EventDate "2024.05.14"]
[EventType "swiss (blitz)"]
[EventRounds "11"]
[EventCountry "USA"]
[SourceTitle "EXT 2025"]
[Source "ChessBase"]
[SourceDate "2024.10.14"]
[SourceVersion "1"]
[SourceVersionDate "2024.10.14"]
[SourceQuality "1"]

1. d4 e6 2. Bf4 d5 3. Nc3 f5 4. Qd2 Nf6 5. f3 c6 6. 0-0-0 Bb4 7. e3 0-0 8. Bd3 b6 9. a3 Bd6 10. Nge2 c5 11. dxc5 bxc5 12. e4 e5 13. Bg5 d4 14. Bc4+ Kh8 15. Nd5 Nc6 16. exf5 Bxf5 17. Nxf6 gxf6 18. Bh6 Re8 19. Ng3 Be6 20. Bxe6 Rxe6 21. Nf5 Bf8 22. Qd3 Ne7 23. Bxf8 Qxf8 24. g4 Rb6 25. f4 Ng6 26. fxe5 Nxe5 27. Qe4 Rab8 28. b3 d3 29. g5 c4 30. gxf6 Qxf6 31. Nd4 dxc2 32. Rdf1 Nd3+ 33. Kxc2 Qg7 34. Rhg1 Rg6 35. Rxg6 Qxg6 36. Qe5+ Nxe5+ 0-1

[Event "Titled Tuesday intern op 14th May Early"]
[Site "Chess.com INT"]
[Date "2024.05.14"]
[Round "4"]
[White "Paravyan, David"]
[Black "Premanath, Dinushki"]
[Result "1-0"]
[WhiteElo "2606"]
[BlackElo "1876"]
[PlyCount "69"]
[EventDate "2024.05.14"]
[EventType "swiss (blitz)"]
[EventRounds "11"]
[EventCountry "USA"]
[SourceTitle "EXT 2025"]
[Source "ChessBase"]
[SourceDate "2024.10.14"]
[SourceVersion "1"]
[SourceVersionDate "2024.10.14"]
[SourceQuality "1"]

1. e4 e6 2. d4 d5 3. e5 c5 4. c3 Bd7 5. Nf3 Bc6 6. Bd3 Qd7 7. 0-0 Bb5 8. Bxb5 Qxb5 9. a4 Qd7 10. Na3 a6 11. Nc2 Nc6 12. dxc5 Bxc5 13. b4 Ba7 14. b5 Na5 15. Be3 Ne7 16. Bxa7 Rxa7 17. Ne3 0-0 18. c4 axb5 19. axb5 Rd8 20. cxd5 Nxd5 21. Nxd5 Qxd5 22. Qxd5 Rxd5 23. Rfc1 h6 24. Rc8+ Kh7 25. h4 Rxb5 26. Rd1 Nc6 27. Rd7 Nxe5 28. Nxe5 Rxe5 29. Rxf7 Kg6 30. Rcc7 Kh5 31. Rxg7 Kxh4 32. Rc4+ Kh5 33. g3 Ra1+ 34. Kg2 Rg5 35. Rh4# 1-0

[Event "Titled Tuesday intern op 14th Sept"]
[Site "Chess.com INT"]
[Date "2021.09.14"]
[Round "5"]
[White "Premanath, Dinushki"]
[Black "Tsyhanchuk, Stanislav"]
[Result "0-1"]
[WhiteElo "1793"]
[BlackElo "2283"]
[PlyCount "80"]
[EventDate "2021.09.14"]
[EventType "swiss (blitz)"]
[EventRounds "11"]
[EventCountry "USA"]
[SourceTitle "EXT 2022"]
[Source "ChessBase"]
[SourceDate "2021.10.06"]
[SourceVersion "1"]
[SourceVersionDate "2021.10.06"]
[SourceQuality "1"]

1. e4 c5 2. Nc3 d6 3. g3 g6 4. Bg2 Bg7 5. d3 Nc6 6. Be3 e6 7. Qd2 Nge7 8. Nge2 0-0 9. d4 cxd4 10. Nxd4 Ne5 11. b3 Ng4 12. 0-0 Nxe3 13. Qxe3 Nc6 14. Nce2 Qb6 15. Rad1 Nxd4 16. Nxd4 e5 17. Ne2 Qxe3 18. fxe3 Bg4 19. Bf3 Bh3 20. Rfe1 Rac8 21. c4 Bh6 22. Nc3 Rc6 23. Nd5 Kg7 24. Rd3 f5 25. exf5 Bxf5 26. e4 Bh3 27. Red1 Rcc8 28. Bg2 Bg4 29. Re1 Rf7 30. Ne3 Bxe3+ 31. Rdxe3 Kf8 32. Rf1 Rxf1+ 33. Kxf1 Ke7 34. h3 Be6 35. Ke1 b5 36. cxb5 Rc2 37. Re2 Rc1+ 38. Kd2 Rc5 39. a4 Bxb3 40. Re1 Rc2+ 0-1

[Event "Titled Tuesday intern op 07th Sept"]
[Site "Chess.com INT"]
[Date "2021.09.07"]
[Round "5"]
[White "Premanath, Dinushki"]
[Black "Kukhmazov, Arsen"]
[Result "0-1"]
[WhiteElo "1793"]
[BlackElo "2466"]
[PlyCount "66"]
[EventDate "2021.09.07"]
[EventType "swiss (blitz)"]
[EventRounds "11"]
[EventCountry "USA"]
[SourceTitle "EXT 2022"]
[Source "ChessBase"]
[SourceDate "2021.10.06"]
[SourceVersion "1"]
[SourceVersionDate "2021.10.06"]
[SourceQuality "1"]

1. e4 c6 2. Nc3 d5 3. Nf3 Bg4 4. h3 Bh5 5. g4 Bg6 6. exd5 cxd5 7. Ne5 Nc6 8. Nxg6 hxg6 9. d4 e6 10. Bb5 Bb4 11. Bd2 Nge7 12. a3 Bd6 13. Qe2 a6 14. Bd3 Nxd4 15. Qe3 Bc5 16. Qg3 Rc8 17. 0-0-0 Qd6 18. Qxd6 Bxd6 19. Be3 Ndc6 20. h4 Be5 21. Ne2 Na5 22. Kb1 Nc4 23. Bd4 Bxd4 24. Nxd4 Ne5 25. Be2 N7c6 26. Nxc6 Rxc6 27. f4 Nc4 28. Bf3 Rb6 29. b3 Nxa3+ 30. Kc1 Ke7 31. Rde1 Rc8 32. Rh2 Rxb3 33. Kd2 Rxc2+ 0-1

[Event "Titled Tuesday intern op 07th Sept"]
[Site "Chess.com INT"]
[Date "2021.09.07"]
[Round "3"]
[White "Zlatin, Alexander"]
[Black "Premanath, Dinushki"]
[Result "1-0"]
[WhiteElo "2327"]
[BlackElo "1793"]
[PlyCount "67"]
[EventDate "2021.09.07"]
[EventType "swiss (blitz)"]
[EventRounds "11"]
[EventCountry "USA"]
[SourceTitle "EXT 2022"]
[Source "ChessBase"]
[SourceDate "2021.10.06"]
[SourceVersion "1"]
[SourceVersionDate "2021.10.06"]
[SourceQuality "1"]

1. d4 Nf6 2. c4 e6 3. g3 d5 4. Bg2 c6 5. Nf3 dxc4 6. 0-0 Bd6 7. Qc2 0-0 8. Qxc4 b5 9. Qc2 Bb7 10. Rd1 Nbd7 11. e4 Be7 12. b3 Rc8 13. Bb2 c5 14. Nbd2 cxd4 15. Qd3 Nc5 16. Qxd4 Qxd4 17. Bxd4 Ncxe4 18. Nxe4 Bxe4 19. Bxa7 Nd5 20. a4 bxa4 21. bxa4 Ra8 22. Bd4 Bc2 23. Rd2 Bxa4 24. Ne5 Bb3 25. Rb1 Ba4 26. Ra2 Bc6 27. Nxc6 Rxa2 28. Bxd5 exd5 29. Nxe7+ Kh8 30. Nf5 f6 31. Rb7 g6 32. Bxf6+ Rxf6 33. Rb8+ Rf8 34. Rxf8# 1-0

[Event "Online Olym Div2 C"]
[Site "Chess.com INT"]
[Date "2021.09.02"]
[Round "3.2"]
[White "Charinda, Kudzanayi"]
[Black "Premanath, Dinushki"]
[Result "1/2-1/2"]
[WhiteElo "1728"]
[BlackElo "1793"]
[PlyCount "73"]
[EventDate "2021.09.02"]
[EventType "team (rapid)"]
[EventRounds "9"]
[EventCountry "USA"]
[SourceTitle "CBM 204 Extra"]
[Source "ChessBase"]
[SourceDate "2021.11.30"]
[SourceVersion "1"]
[SourceVersionDate "2021.11.30"]
[SourceQuality "1"]
[WhiteTeam "Zimbabwe"]
[BlackTeam "Sri Lanka"]
[WhiteTeamCountry "ZIM"]
[BlackTeamCountry "SRI"]

1. e4 c5 2. Nf3 e6 3. d4 cxd4 4. Nxd4 a6 5. Nc3 Qc7 6. Bd3 Nf6 7. 0-0 Nc6 8. Nde2 Be7 9. Be3 b5 10. Ng3 Bb7 11. f4 d6 12. f5 0-0 13. Bg5 Ne5 14. Bxf6 Bxf6 15. Nh5 Qd8 16. Nxf6+ Qxf6 17. a3 Qg5 18. Qc1 Qxc1 19. Raxc1 Rac8 20. fxe6 fxe6 21. Rxf8+ Rxf8 22. Rf1 Rxf1+ 23. Kxf1 Kf7 24. Ke2 Kf6 25. h3 Kg5 26. Ke3 Ng6 27. g3 Kf6 28. Ne2 Ne5 29. Nf4 g5 30. Ne2 h6 31. Nd4 Ke7 32. Ne2 Kd7 33. Nd4 d5 34. exd5 Bxd5 35. h4 Kd6 36. Be2 Ke7 37. c3 1/2-1/2